Falešná kočička /
Tři detektivní povídky současné moravské autorky.
Uloženo v:
| Hlavní autor: | |
|---|---|
| Médium: | E-kniha |
| Jazyk: | Czech |
| Vydáno: |
Brno :
MOBA,
2021
|
| Vydání: | Vydání druhé |
| Témata: | |
| Tagy: |
Žádné tagy |
| LEADER | 02480cam a2200397 i 4500 | ||
|---|---|---|---|
| 001 | 311278 | ||
| 003 | CZ PrSKC | ||
| 005 | 20260601215702.0 | ||
| 007 | ta | ||
| 008 | 210119s2021 xr g 000 j cze d | ||
| 015 | |a cnb003303224 | ||
| 020 | |a 9788024394268 |q (vázáno) | ||
| 035 | |a (OCoLC)1245647360 | ||
| 040 | |a CBA001 |b cze |d ABG001 |d ABA001 |e rda | ||
| 072 | 7 | |a 821.162.3-3 |x Česká próza |2 Konspekt | |
| 080 | |a 821.162.3-32 |2 MRF | ||
| 080 | |a (0:82-322.4) |2 MRF | ||
| 100 | 1 | |a Horáková, Naďa, |d 1962- |7 ola2002105147 |4 aut | |
| 245 | 1 | 0 | |a Falešná kočička / |c Naďa Horáková |
| 250 | |a Vydání druhé | ||
| 264 | 1 | |a Brno : |b MOBA, |c 2021 | |
| 300 | |a 293 stran ; |c 21 cm | ||
| 336 | |a text |b txt |2 rdacontent | ||
| 337 | |a bez média |b n |2 rdamedia | ||
| 338 | |a svazek |b nc |2 rdacarrier | ||
| 505 | 0 | 0 | |t Mrazivý dech Johany -- |t Falešná kočička -- |t Zlaté mámení |
| 520 | 2 | |a Tři detektivní povídky současné moravské autorky. |b Případy jsou propojeny postavami vyšetřovatelů - nadporučíka brněnské kriminálky Adama Vonky a jeho týmu. V prvním příběhu řeší případ smrti úspěšného právníka, která vypadá jako nečekaná sebevražda nebo velmi hloupá nešťastná náhoda. Titulní povídka je zavede do restaurace, v níž jsou kriminalisté častými hosty. Tentokrát tu ale došlo k vraždě účetní a některá fakta staví do podezřelého světla i samotné policisty. Třetí příběh představuje Vonkův tým při vyšetřování vraždy majitele realitní kanceláře, stejně tvrdého obchodníka jako úspěšného svůdníka - podezřelé tedy mohou hledat v obou těchto oblastech jeho života. Povídky se vyznačují klasickou detektivní zápletkou, překvapivými až nepravděpodobnými dějovými zvraty a komplikovanými vztahy postav, nahlíženými z čistě ženského úhlu. | |
| 655 | 7 | |a české povídky |7 fd133971 |2 czenas | |
| 655 | 7 | |a detektivní povídky |7 fd132008 |2 czenas | |
| 655 | 9 | |a Czech short stories |2 eczenas | |
| 655 | 9 | |a detective short stories |2 eczenas | |
| 900 | |a ABA001 |b 19 | ||
| 044 | |a xr | ||
| 910 | |a RBIT002 | ||
| 998 | |d 306784 |a https://core.palmknihy.cz/api/books/306784/cover?qmyt1c |b https://core.palmknihy.cz/api/books/306784/cover/400?qmyt1c |c https://core.palmknihy.cz/api/books/306784/cover/50?qmyt1c |e 2027-06-30 |g 296 |i 9788024394268 |j https://core.palmknihy.cz/api/books/306784/preview.epub |l |q 49 |r 1 |s https://www.palmknihy.cz/kniha/306784 |t ebook |y 2021 |z 0 | ||
| 999 | |d 311276 | ||